NLSUI OPAC header image

The Karnataka panchayat raj act, 1993 (Record no. 10611)

MARC details
000 -LEADER
fixed length control field 00451nam a2200157Ia 4500
008 - FIXED-LENGTH DATA ELEMENTS--GENERAL INFORMATION
fixed length control field 160316s1995 xxu||||| |||| 00| 0 eng d
082 ## - DEWEY DECIMAL CLASSIFICATION NUMBER
Classification number 320.800000
Item number PUL
100 ## - MAIN ENTRY--PERSONAL NAME
Personal name Puliani Sathpal
245 ## - TITLE STATEMENT
Title The Karnataka panchayat raj act, 1993
250 ## - EDITION STATEMENT
Edition statement 2nd
260 ## - PUBLICATION, DISTRIBUTION, ETC.
Place of publication, distribution, etc. Bangalore
Name of publisher, distributor, etc. Karnataka Law Journal Publications
Date of publication, distribution, etc. 1995
300 ## - PHYSICAL DESCRIPTION
Extent 277p
Other physical details
Dimensions
365 ## - TRADE PRICE
Price amount 140/-
650 ## - SUBJECT ADDED ENTRY--TOPICAL TERM
Topical term or geographic name entry element 1.Local Self Government - Panchayat Raj - Karnataka<br/>
700 ## - ADDED ENTRY--PERSONAL NAME
Personal name
--
Holdings
Withdrawn status Lost status Damaged status Not for loan Home library Current library Shelving location Date acquired Cost, normal purchase price Total Checkouts Full call number Barcode Date last seen Price effective from Koha item type
        . .   30.05.2017 140.00   320.8 PUL 10898 30.05.2017 30.05.2017 BOOKs